000 00819nam a22002777a 4500
001 BR7705185
003 BR-BrBNA
005 20230928085431.0
007 ta
008 230509b bl.||||| |||| 00| 0 por d
040 _aBR-BrBNA
_bpor
_cBiblioteca Nacional de Agricultura
041 _a(Por)
072 _aE10; D50
_b/G514
090 _ E10 BR7705185
110 1 _aInstituto Nacional de Colonizacao e Reforma Agraria, Brasilia, DF (Brasil). Depto. de Recursos Fundiarios
_96415
245 1 _aSistematica de calculo da area a ser alienada [Brasil]
260 3 _aBrasilia, DF (Brasil):
_c1977.
300 _avp.
500 _a[Ca. 10]p.
650 _aLEGISLACAO
650 _aTERRA
650 _aESTRUTURA AGRARIA
650 _aLEGISLACAO FLORESTAL
909 _a202309
_bLucia
_c55
_dLucia Elande
942 _cBK
999 _c24405
_d24405